Statistics for Country Flags with Diagonal Stripes - Picture Quiz

Click here to take the quiz!

General Stats

  • This quiz has been taken 1,301 times
  • The average score is 9 of 10

Answer Stats

Answer% Correct
Brunei
97%
Seychelles
94%
Trinidad and Tobago
94%
Tanzania
91%
D.R. Congo
88%
Marshall Islands
86%
Namibia
82%
Solomon Islands
80%
St. Kitts and Nevis
78%
Rep. of the Congo
77%

Score Distribution

Percentile by Number Answered

Percent of People with Each Score

Your Score History

You have not taken this quiz